000 00626cam a22002053a 4500
001 39396
003 PGUSA
005 20140828083857.0
008 120407s2012||||xxu|||||s|||||000 | eng d
040 _aPGUSA
_beng
042 _adc
100 1 _aMartin, Edwin P.
245 1 2 _aA Population Study of the Prairie Vole (Microtus ochrogaster) in Northeastern Kansas
_h[electronic resource] /
_cEdwin P. Martin
260 _bProject Gutenberg,
_c2012
506 _aPublic domain in the USA.
516 _aElectronic text
830 0 _aProject Gutenberg
_v39396
856 4 0 _uhttp://www.gutenberg.org/ebooks/39396
942 _cEB
999 _c268649
_d268649